[Event "WCO 2016"]
[Site "?"]
[Date "2016.09.11"]
[Round "9"]
[Board "1"]
[WhiteID "5600278"]
[White "Gauci Joseph"]
[BlackID "1018000"]
[Black "Blijstra Wim"]
[Result "1/2-1/2"]
[BlackElo "2216"]
[WhiteElo "2151"]
[LiveChessVersion "1.4.8"]

1. d4 {[%clk 1:30:55]} Nf6 {[%clk 1:30:40]} 2. Nf3 {[%clk 1:31:13]} d5
{[%clk 1:30:38]} 3. c4 {[%clk 1:31:29]} c6 {[%clk 1:30:48]} 4. Nc3
{[%clk 1:31:45]} e6 {[%clk 1:31:04]} 5. e3 {[%clk 1:31:56]} Nbd7 {[%clk 1:31:19]}
6. Qc2 {[%clk 1:31:52]} Bd6 {[%clk 1:30:21]} 7. Bd3 {[%clk 1:31:55]} O-O
{[%clk 1:27:34]} 8. O-O {[%clk 1:30:38]} dxc4 {[%clk 1:25:05]} 9. Bxc4
{[%clk 1:30:56]} b5 {[%clk 1:25:29]} 10. Bd3 {[%clk 1:30:02]} Bb7
{[%clk 1:25:38]} 11. e4 {[%clk 1:23:42]} e5 {[%clk 1:25:49]} 12. Rd1
{[%clk 1:11:09]} Qe7 {[%clk 1:18:56]} 13. Ne2 {[%clk 1:08:38]} c5
{[%clk 0:59:43]} 14. dxe5 {[%clk 1:03:37]} Bxe5 {[%clk 0:59:00]} 15. Nxe5
{[%clk 0:59:08]} Nxe5 {[%clk 0:58:57]} 16. Ng3 {[%clk 0:56:04]} Nxd3
{[%clk 0:55:23]} 17. Qxd3 {[%clk 0:54:23]} Rad8 {[%clk 0:43:53]} 18. Qe2
{[%clk 0:52:05]} Rxd1+ {[%clk 0:39:08]} 19. Qxd1 {[%clk 0:52:25]} Nxe4
{[%clk 0:39:15]} 20. Qe2 {[%clk 0:50:45]} Qd7 {[%clk 0:38:29]} 21. Nxe4
{[%clk 0:49:52]} Bxe4 {[%clk 0:38:56]} 22. Be3 {[%clk 0:48:49]} Bd3
{[%clk 0:38:43]} 23. Qh5 {[%clk 0:45:49]} Rc8 {[%clk 0:38:47]} 24. Bxc5
{[%clk 0:44:16]} Bc4 {[%clk 0:33:36]} 25. b4 {[%clk 0:42:07]} a6 {[%clk 0:31:52]}
26. a3 {[%clk 0:39:39]} h6 {[%clk 0:31:58]} 27. h3 {[%clk 0:39:27]} Re8
{[%clk 0:32:07]} 28. Rd1 {[%clk 0:38:34]} Qe6 {[%clk 0:29:09]} 29. Qh4
{[%clk 0:37:45]} Kh7 {[%clk 0:27:56]} 30. Qf4 {[%clk 0:36:57]} Qg6
{[%clk 0:24:22]} 31. Kh2 {[%clk 0:33:33]} 1/2-1/2

[Event "WCO 2016"]
[Site "?"]
[Date "2016.09.11"]
[Round "9"]
[Board "3"]
[WhiteID "5600359"]
[White "Psaila Clarence"]
[BlackID "7500033"]
[Black "Hodgson Norman"]
[Result "1-0"]
[BlackElo "1831"]
[WhiteElo "2057"]
[LiveChessVersion "1.4.8"]

1. e4 {[%clk 1:30:56]} d6 {[%clk 1:30:44]} 2. d4 {[%clk 1:31:16]} g6
{[%clk 1:30:57]} 3. Nc3 {[%clk 1:31:32]} Bg7 {[%clk 1:31:23]} 4. Be3
{[%clk 1:31:37]} Nf6 {[%clk 1:31:37]} 5. h3 {[%clk 1:31:33]} O-O {[%clk 1:31:51]}
6. Nf3 {[%clk 1:31:40]} Nc6 {[%clk 1:31:54]} 7. Qd2 {[%clk 1:31:38]} a6
{[%clk 1:31:56]} 8. Bd3 {[%clk 1:31:36]} b5 {[%clk 1:31:48]} 9. a4
{[%clk 1:31:47]} b4 {[%clk 1:29:56]} 10. Nd5 {[%clk 1:31:59]} a5 {[%clk 1:27:22]}
11. Nxf6+ {[%clk 1:29:47]} exf6 {[%clk 1:26:32]} 12. O-O {[%clk 1:28:52]} Ne7
{[%clk 1:22:23]} 13. Bh6 {[%clk 1:24:32]} f5 {[%clk 1:17:25]} 14. Bxg7
{[%clk 1:22:56]} Kxg7 {[%clk 1:17:38]} 15. c3 {[%clk 1:22:24]} fxe4
{[%clk 1:04:31]} 16. Bxe4 {[%clk 1:22:19]} d5 {[%clk 0:58:20]} 17. Bd3
{[%clk 1:22:00]} Rb8 {[%clk 0:47:52]} 18. Ne5 {[%clk 1:13:26]} f6
{[%clk 0:46:45]} 19. Ng4 {[%clk 1:09:31]} Bxg4 {[%clk 0:43:12]} 20. hxg4
{[%clk 1:09:56]} Qd6 {[%clk 0:39:39]} 21. Rfe1 {[%clk 1:07:56]} f5
{[%clk 0:35:30]} 22. Qg5 {[%clk 1:01:24]} Rf6 {[%clk 0:29:58]} 23. Qe3
{[%clk 0:46:00]} Rf7 {[%clk 0:29:34]} 24. g5 {[%clk 0:44:29]} bxc3
{[%clk 0:27:57]} 25. bxc3 {[%clk 0:42:59]} Nc6 {[%clk 0:26:35]} 26. Qe6
{[%clk 0:41:03]} Rb3 {[%clk 0:23:29]} 27. Qxd6 {[%clk 0:35:54]} cxd6
{[%clk 0:23:50]} 28. Rac1 {[%clk 0:24:33]} Nxd4 {[%clk 0:20:25]} 29. Red1
{[%clk 0:23:50]} Ne6 {[%clk 0:19:13]} 30. Bb5 {[%clk 0:23:24]} Nc7
{[%clk 0:15:05]} 31. c4 {[%clk 0:16:56]} dxc4 {[%clk 0:13:26]} 32. Bxc4
{[%clk 0:17:05]} Rb7 {[%clk 0:10:07]} 33. Bxf7 {[%clk 0:17:25]} Kxf7
{[%clk 0:10:30]} 34. Rxd6 {[%clk 0:17:24]} 1-0

[Event "WCO 2016"]
[Site "?"]
[Date "2016.09.11"]
[Round "9"]
[Board "4"]
[WhiteID "7500254"]
[White "Martis Valentino"]
[BlackID "5600243"]
[Black "Vella Duncan"]
[Result "0-1"]
[BlackElo "2017"]
[WhiteElo "1917"]
[LiveChessVersion "1.4.8"]

1. d4 {[%clk 1:30:55]} d5 {[%clk 1:30:43]} 2. c4 {[%clk 1:31:17]} c6
{[%clk 1:31:08]} 3. cxd5 {[%clk 1:30:44]} cxd5 {[%clk 1:31:13]} 4. Nf3
{[%clk 1:30:56]} Nf6 {[%clk 1:31:12]} 5. Nc3 {[%clk 1:31:02]} Nc6
{[%clk 1:31:24]} 6. Bf4 {[%clk 1:30:46]} a6 {[%clk 1:31:16]} 7. a3
{[%clk 1:28:11]} b5 {[%clk 1:25:25]} 8. e3 {[%clk 1:25:42]} e6 {[%clk 1:24:08]}
9. b4 {[%clk 1:21:27]} Bd6 {[%clk 1:21:24]} 10. Bg3 {[%clk 1:18:37]} Bb7
{[%clk 1:19:56]} 11. Qb3 {[%clk 1:15:37]} O-O {[%clk 1:16:30]} 12. Bd3
{[%clk 1:13:42]} Rc8 {[%clk 1:13:23]} 13. O-O {[%clk 1:12:43]} Re8
{[%clk 1:05:08]} 14. Rfd1 {[%clk 1:08:26]} Bxg3 {[%clk 0:55:18]} 15. hxg3
{[%clk 1:08:52]} e5 {[%clk 0:51:44]} 16. dxe5 {[%clk 0:52:14]} Nxe5
{[%clk 0:52:08]} 17. Nxe5 {[%clk 0:49:40]} Rxe5 {[%clk 0:52:23]} 18. Ne2
{[%clk 0:48:02]} Ng4 {[%clk 0:44:15]} 19. Nd4 {[%clk 0:41:55]} Qf6
{[%clk 0:41:52]} 20. Ra2 {[%clk 0:39:12]} Qh6 {[%clk 0:38:42]} 21. Bf5
{[%clk 0:34:21]} Qh2+ {[%clk 0:18:46]} 22. Kf1 {[%clk 0:34:49]} Rxe3
{[%clk 0:12:13]} 23. fxe3 {[%clk 0:32:37]} Qh1+ {[%clk 0:12:32]} 24. Ke2
{[%clk 0:32:55]} Qxg2+ {[%clk 0:12:55]} 25. Ke1 {[%clk 0:30:24]} Qxg3+
{[%clk 0:12:42]} 26. Kd2 {[%clk 0:27:56]} Qf2+ {[%clk 0:12:39]} 27. Ne2
{[%clk 0:28:14]} Qxf5 {[%clk 0:12:47]} 28. Rc1 {[%clk 0:24:59]} Re8
{[%clk 0:12:27]} 29. Rc7 {[%clk 0:24:10]} Ba8 {[%clk 0:11:51]} 30. Rac2
{[%clk 0:24:03]} h5 {[%clk 0:09:43]} 31. Nd4 {[%clk 0:12:42]} Qf2+
{[%clk 0:08:30]} 32. Kc1 {[%clk 0:13:01]} Qe1+ {[%clk 0:08:32]} 33. Kb2
{[%clk 0:13:26]} Nxe3 {[%clk 0:06:52]} 34. Re2 {[%clk 0:09:30]} Nd1+
{[%clk 0:06:48]} 35. Qxd1 {[%clk 0:09:41]} Qxd1 {[%clk 0:06:57]} 36. Rxe8+
{[%clk 0:10:07]} Kh7 {[%clk 0:07:19]} 37. Nf5 {[%clk 0:08:52]} Qd2+
{[%clk 0:06:55]} 38. Ka1 {[%clk 0:06:55]} Qd1+ {[%clk 0:07:05]} 39. Kb2
{[%clk 0:07:14]} Qd2+ {[%clk 0:07:31]} 40. Ka1 {[%clk 0:37:39]} d4
{[%clk 0:34:53]} 41. Rxa8 {[%clk 0:27:24]} Qe1+ {[%clk 0:34:48]} 42. Kb2
{[%clk 0:23:02]} Qf2+ {[%clk 0:35:11]} 43. Rc2 {[%clk 0:22:29]} Qxf5
{[%clk 0:35:31]} 44. Rxa6 {[%clk 0:22:52]} d3 {[%clk 0:34:08]} 45. Rd2
{[%clk 0:22:50]} Qe5+ {[%clk 0:32:29]} 46. Kb3 {[%clk 0:21:26]} Qd5+
{[%clk 0:31:53]} 47. Kc3 {[%clk 0:21:31]} Qc4+ {[%clk 0:31:15]} 48. Kb2
{[%clk 0:21:58]} Qd4+ {[%clk 0:31:22]} 49. Kb3 {[%clk 0:22:04]} h4
{[%clk 0:31:24]} 50. Ra5 {[%clk 0:18:51]} Qc4+ {[%clk 0:31:36]} 51. Kb2
{[%clk 0:19:19]} h3 {[%clk 0:31:21]} 52. Rh2 {[%clk 0:15:16]} Qd4+
{[%clk 0:30:55]} 53. Ka2 {[%clk 0:13:26]} Qd5+ {[%clk 0:31:17]} 54. Kb1
{[%clk 0:13:39]} Qg2 {[%clk 0:31:19]} 0-1

[Event "WCO 2016"]
[Site "?"]
[Date "2016.09.11"]
[Round "9"]
[Board "1"]
[WhiteID "6101623"]
[White "Ampie Mauro"]
[BlackID "13202340"]
[Black "Lee Jun Hyeok"]
[Result "1-0"]
[BlackElo "2238"]
[WhiteElo "2348"]
[LiveChessVersion "1.4.8"]

1. e4 {[%clk 1:30:57]} c5 {[%clk 1:30:55]} 2. Nc3 {[%clk 1:31:23]} Nc6
{[%clk 1:31:17]} 3. Bb5 {[%clk 1:29:33]} Nd4 {[%clk 1:31:42]} 4. Bc4
{[%clk 1:29:59]} a6 {[%clk 1:32:09]} 5. d3 {[%clk 1:27:18]} e6 {[%clk 1:18:32]}
6. a3 Nf6 7. Nf3 {[%clk 1:18:44]} b5 {[%clk 1:12:22]} 8. Ba2 Bb7 {[%clk 1:06:07]}
9. O-O {[%clk 1:17:24]} Nxf3+ {[%clk 1:04:33]} 10. Qxf3 {[%clk 1:17:43]} Qc7
{[%clk 1:04:38]} 11. Qe2 {[%clk 1:08:55]} b4 12. Nd1 {[%clk 1:03:29]} d5
{[%clk 0:56:03]} 13. e5 {[%clk 0:59:54]} Nd7 {[%clk 0:56:21]} 14. f4
{[%clk 0:59:20]} g6 {[%clk 0:56:20]} 15. axb4 {[%clk 0:48:57]} cxb4
{[%clk 0:56:10]} 16. d4 {[%clk 0:48:22]} a5 {[%clk 0:56:02]} 17. Re1
{[%clk 0:42:02]} Ba6 {[%clk 0:51:36]} 18. Qf2 {[%clk 0:42:27]} Be7
{[%clk 0:51:32]} 19. Ne3 {[%clk 0:40:41]} Nb6 {[%clk 0:51:07]} 20. Bd2
{[%clk 0:36:33]} a4 {[%clk 0:40:36]} 21. Rec1 {[%clk 0:30:48]} a3
{[%clk 0:34:03]} 22. Rab1 {[%clk 0:27:10]} axb2 {[%clk 0:30:57]} 23. Rxb2
{[%clk 0:27:33]} Bc4 {[%clk 0:30:24]} 24. Bb1 {[%clk 0:24:38]} Ra1
{[%clk 0:20:43]} 25. Qe1 {[%clk 0:15:48]} Na4 {[%clk 0:19:35]} 26. Rxb4
{[%clk 0:16:14]} O-O {[%clk 0:16:38]} 27. Ng4 {[%clk 0:15:28]} Qa7
{[%clk 0:13:38]} 28. Kh1 {[%clk 0:11:16]} Rb8 {[%clk 0:09:56]} 29. Rxb8+
{[%clk 0:10:26]} Qxb8 {[%clk 0:10:25]} 30. c3 {[%clk 0:10:34]} Qb2
{[%clk 0:06:11]} 31. Bxg6 {[%clk 0:07:33]} Rxc1 {[%clk 0:05:59]} 32. Bxc1
{[%clk 0:07:59]} Qe2 {[%clk 0:04:23]} 33. Qxe2 {[%clk 0:05:41]} Bxe2
{[%clk 0:04:51]} 34. Nh6+ {[%clk 0:03:17]} Kg7 {[%clk 0:05:01]} 35. Bxf7
{[%clk 0:03:36]} Kxh6 {[%clk 0:05:02]} 36. Bd2 {[%clk 0:03:07]} Bg4
{[%clk 0:02:25]} 37. f5+ {[%clk 0:01:27]} Bg5 {[%clk 0:02:51]} 38. Bxg5+
{[%clk 0:00:45]} Kxg5 {[%clk 0:03:19]} 39. fxe6 {[%clk 0:01:07]} Nxc3
{[%clk 0:02:38]} 40. e7 {[%clk 0:30:39]} Bd7 {[%clk 0:33:05]} 41. e8=Q
{[%clk 0:26:02]} Bxe8 {[%clk 0:33:32]} 42. Bxe8 {[%clk 0:26:27]} Ne2
{[%clk 0:32:42]} 43. Bf7 {[%clk 0:26:06]} Nxd4 {[%clk 0:33:05]} 44. Bxd5
{[%clk 0:26:07]} h5 {[%clk 0:29:54]} 45. Kg1 {[%clk 0:14:24]} Kf4
{[%clk 0:26:38]} 46. e6 {[%clk 0:12:04]} Nf5 {[%clk 0:27:04]} 47. Kf2
{[%clk 0:12:01]} h4 {[%clk 0:25:22]} 48. Bb3 {[%clk 0:10:43]} Ne7
{[%clk 0:24:58]} 49. g3+ {[%clk 0:10:06]} Kg4 {[%clk 0:23:53]} 50. Kg2
{[%clk 0:09:59]} Nc6 {[%clk 0:22:45]} 51. Bd1+ {[%clk 0:03:02]} Kf5
{[%clk 0:21:57]} 52. Bb3 {[%clk 0:03:21]} hxg3 {[%clk 0:20:38]} 53. hxg3
{[%clk 0:03:16]} Kg4 {[%clk 0:20:58]} 54. Kf2 {[%clk 0:03:06]} Ne7
{[%clk 0:18:22]} 55. Bc2 {[%clk 0:03:29]} Nd5 {[%clk 0:16:24]} 56. Bb1
{[%clk 0:03:36]} Ne7 {[%clk 0:15:34]} 57. Bh7 {[%clk 0:03:53]} Nd5
{[%clk 0:15:14]} 58. Bb1 {[%clk 0:02:39]} Ne7 {[%clk 0:15:39]} 59. Bc2
{[%clk 0:03:06]} Nd5 {[%clk 0:15:43]} 60. Bh7 {[%clk 0:03:32]} Ne7
{[%clk 0:15:55]} 61. Be4 {[%clk 0:03:25]} Kg5 {[%clk 0:15:23]} 62. Bd3
{[%clk 0:03:39]} Kg4 {[%clk 0:15:42]} 63. Kg2 {[%clk 0:04:04]} Nc6
{[%clk 0:15:22]} 64. Kh2 {[%clk 0:04:24]} Ne7 {[%clk 0:15:22]} 65. Bf1
{[%clk 0:04:48]} Kf5 {[%clk 0:07:24]} 66. Bh3+ {[%clk 0:05:14]} Kf6
{[%clk 0:07:51]} 67. Kg2 {[%clk 0:05:30]} Nc6 {[%clk 0:07:49]} 68. Kf3
{[%clk 0:04:36]} Ke5 {[%clk 0:07:38]} 69. Ke3 {[%clk 0:03:30]} Nb4
{[%clk 0:05:37]} 70. Kd2 {[%clk 0:03:28]} Nd5 {[%clk 0:05:55]} 71. Kd3
{[%clk 0:03:27]} Nc7 {[%clk 0:04:54]} 72. Bg4 {[%clk 0:02:11]} Nd5
{[%clk 0:05:13]} 73. Bh3 {[%clk 0:01:21]} Nc7 {[%clk 0:05:34]} 74. Ke3
{[%clk 0:01:40]} Nd5+ {[%clk 0:02:56]} 75. Kf3 {[%clk 0:02:04]} Ne7
{[%clk 0:03:14]} 76. Bg4 {[%clk 0:02:23]} Nc6 {[%clk 0:03:17]} 77. Ke3
{[%clk 0:02:06]} Nb4 {[%clk 0:03:32]} 78. Kf2 {[%clk 0:02:08]} Nd5
{[%clk 0:02:31]} 79. Kg2 {[%clk 0:02:25]} Kf6 {[%clk 0:02:32]} 80. Kh3
{[%clk 0:01:30]} Kg5 {[%clk 0:02:54]} 81. Bd1 {[%clk 0:01:44]} Ne7
{[%clk 0:01:46]} 82. Bc2 {[%clk 0:01:54]} Nd5 {[%clk 0:01:54]} 83. Bb1
{[%clk 0:01:32]} Ne7 {[%clk 0:01:09]} 84. g4 {[%clk 0:01:50]} Nd5
{[%clk 0:00:43]} 85. Kg3 {[%clk 0:01:58]} Kf6 {[%clk 0:00:39]} 86. Bf5
{[%clk 0:02:22]} Nc7 {[%clk 0:00:50]} 87. Kh4 {[%clk 0:02:18]} Ne8
{[%clk 0:01:07]} 88. Kh5 {[%clk 0:02:32]} Nc7 {[%clk 0:00:53]} 89. Kh6
{[%clk 0:02:56]} Nd5 {[%clk 0:00:44]} 90. Kh7 {[%clk 0:03:12]} Ne3
{[%clk 0:00:33]} 91. Kg8 {[%clk 0:03:11]} Ke7 {[%clk 0:00:53]} 92. Kg7
{[%clk 0:03:30]} Nd5 {[%clk 0:00:37]} 93. g5 {[%clk 0:03:44]} Ke8
{[%clk 0:00:34]} 94. Bg6+ {[%clk 0:03:30]} Ke7 {[%clk 0:01:03]} 95. Bf7
{[%clk 0:03:54]} Ne3 {[%clk 0:00:41]} 96. g6 {[%clk 0:02:14]} Nf5+
{[%clk 0:01:08]} 97. Kg8 {[%clk 0:02:38]} Kf6 {[%clk 0:00:51]} 98. Kf8
{[%clk 0:03:05]} 1-0

[Event "WCO 2016"]
[Site "?"]
[Date "2016.09.11"]
[Round "9"]
[Board "2"]
[WhiteID "13201204"]
[White "Kim Inguh"]
[BlackID "6100678"]
[Black "Ortiz Marcos"]
[Result "0-1"]
[BlackElo "2219"]
[WhiteElo "1918"]
[LiveChessVersion "1.4.8"]

1. d4 {[%clk 1:30:56]} Nf6 {[%clk 1:30:48]} 2. Bf4 {[%clk 1:31:00]} g6
{[%clk 1:29:45]} 3. Nf3 {[%clk 1:31:02]} Bg7 {[%clk 1:30:05]} 4. e3
{[%clk 1:31:09]} d6 {[%clk 1:30:12]} 5. h3 {[%clk 1:31:14]} O-O {[%clk 1:30:28]}
6. Be2 {[%clk 1:31:39]} c5 {[%clk 1:30:36]} 7. c3 {[%clk 1:27:16]} Be6
{[%clk 1:30:52]} 8. Nbd2 {[%clk 1:22:53]} Qb6 {[%clk 1:30:49]} 9. Qc2
{[%clk 1:22:06]} cxd4 {[%clk 1:27:36]} 10. exd4 {[%clk 1:19:29]} Nc6
{[%clk 1:26:44]} 11. Nc4 {[%clk 1:12:00]} Qc7 {[%clk 1:22:07]} 12. Ne3
{[%clk 1:09:27]} Nd5 {[%clk 1:21:36]} 13. Nxd5 {[%clk 1:08:02]} Bxd5
{[%clk 1:21:41]} 14. Qd2 {[%clk 1:06:58]} Rfe8 {[%clk 1:12:16]} 15. O-O
{[%clk 1:03:17]} Rad8 {[%clk 1:09:37]} 16. Bg5 {[%clk 1:01:02]} Rd7
{[%clk 1:07:29]} 17. Nh2 {[%clk 0:55:32]} f5 {[%clk 1:00:20]} 18. Bf3
{[%clk 0:51:40]} Bf7 {[%clk 0:53:55]} 19. Be2 {[%clk 0:44:38]} a6
{[%clk 0:51:58]} 20. b3 {[%clk 0:42:56]} e5 {[%clk 0:48:30]} 21. d5
{[%clk 0:42:10]} Ne7 {[%clk 0:46:34]} 22. c4 {[%clk 0:41:58]} Kh8
{[%clk 0:35:30]} 23. Bh6 {[%clk 0:32:25]} Bf6 {[%clk 0:35:41]} 24. Bg5
{[%clk 0:31:04]} Bg7 {[%clk 0:36:00]} 25. Bh6 {[%clk 0:25:42]} Bf6
{[%clk 0:36:07]} 26. Bg5 {[%clk 0:25:48]} Ng8 {[%clk 0:36:30]} 27. Bxf6+
{[%clk 0:25:30]} Nxf6 {[%clk 0:36:54]} 28. Nf3 {[%clk 0:23:54]} Ne4
{[%clk 0:35:48]} 29. Qe3 {[%clk 0:22:32]} Qc5 {[%clk 0:33:28]} 30. Qxc5
{[%clk 0:17:37]} dxc5 {[%clk 0:33:40]} 31. h4 {[%clk 0:13:14]} h6
{[%clk 0:33:48]} 32. Rfe1 {[%clk 0:10:21]} Nd6 {[%clk 0:33:40]} 33. Bf1
{[%clk 0:07:30]} e4 {[%clk 0:33:53]} 34. Nh2 {[%clk 0:06:54]} g5 {[%clk 0:27:41]}
35. hxg5 {[%clk 0:06:37]} hxg5 {[%clk 0:28:05]} 36. Rac1 {[%clk 0:05:39]} Bg6
{[%clk 0:28:11]} 37. Rc3 {[%clk 0:05:34]} Rh7 {[%clk 0:26:28]} 38. f3
{[%clk 0:04:32]} Kg7 {[%clk 0:26:27]} 39. fxe4 {[%clk 0:04:31]} Nxe4
{[%clk 0:26:38]} 40. Rh3 {[%clk 0:33:22]} Rxh3 {[%clk 0:55:59]} 41. gxh3
{[%clk 0:33:50]} Kf6 {[%clk 0:55:45]} 42. Nf3 {[%clk 0:25:29]} Bh5
{[%clk 0:54:08]} 43. Kg2 {[%clk 0:25:44]} Bxf3+ {[%clk 0:46:56]} 44. Kxf3
{[%clk 0:22:48]} Nd2+ {[%clk 0:46:43]} 45. Kf2 {[%clk 0:23:03]} Rxe1
{[%clk 0:47:02]} 46. Kxe1 {[%clk 0:23:31]} Ne4 {[%clk 0:46:46]} 47. Bd3
{[%clk 0:22:18]} Nd6 {[%clk 0:47:12]} 48. Ke2 {[%clk 0:20:14]} Ke5
{[%clk 0:47:32]} 49. Ke3 {[%clk 0:20:21]} b5 {[%clk 0:47:07]} 50. a3
{[%clk 0:09:31]} bxc4 {[%clk 0:46:04]} 51. Bxc4 {[%clk 0:05:15]} a5
{[%clk 0:46:13]} 52. a4 {[%clk 0:05:35]} Nc8 {[%clk 0:44:50]} 53. Ba6
{[%clk 0:03:43]} Ne7 {[%clk 0:44:49]} 54. Bb7 {[%clk 0:03:09]} Nxd5+
{[%clk 0:44:46]} 55. Kd3 {[%clk 0:03:37]} Nb6 {[%clk 0:43:25]} 56. Ke3
{[%clk 0:03:26]} c4 {[%clk 0:43:11]} 57. b4 {[%clk 0:02:52]} axb4
{[%clk 0:43:28]} 58. a5 {[%clk 0:03:10]} b3 {[%clk 0:43:06]} 59. Kd2
{[%clk 0:03:29]} Na4 {[%clk 0:40:27]} 60. a6 {[%clk 0:02:47]} c3+
{[%clk 0:40:48]} 61. Kd3 {[%clk 0:01:26]} b2 {[%clk 0:36:44]} 62. Kc2
{[%clk 0:01:54]} Kd4 {[%clk 0:36:02]} 63. a7 {[%clk 0:01:49]} Nb6
{[%clk 0:36:26]} 64. a8=Q {[%clk 0:00:37]} Nxa8 {[%clk 0:36:47]} 65. Bxa8
{[%clk 0:01:05]} f4 {[%clk 0:37:07]} 66. Bc6 {[%clk 0:00:37]} 0-1

[Event "WCO 2016"]
[Site "?"]
[Date "2016.09.11"]
[Round "9"]
[Board "3"]
[WhiteID "6100457"]
[White "Alfaro William"]
[BlackID "13200518"]
[Black "Kim Saebyeok"]
[Result "1-0"]
[BlackElo "1950"]
[WhiteElo "2188"]
[LiveChessVersion "1.4.8"]

1. d4 {[%clk 1:29:17]} d5 {[%clk 1:30:49]} 2. c4 {[%clk 1:29:43]} c6
{[%clk 1:31:14]} 3. Nf3 {[%clk 1:30:07]} Nf6 {[%clk 1:31:36]} 4. e3
{[%clk 1:30:14]} Bf5 {[%clk 1:29:11]} 5. Nc3 {[%clk 1:29:38]} a6 {[%clk 1:28:18]}
6. Qb3 {[%clk 1:24:07]} Ra7 {[%clk 1:27:28]} 7. Nh4 {[%clk 1:21:20]} Be4
{[%clk 1:26:59]} 8. f3 {[%clk 1:14:57]} dxc4 {[%clk 1:26:23]} 9. Bxc4
{[%clk 1:13:22]} Bd5 {[%clk 1:25:57]} 10. O-O {[%clk 1:08:13]} e6
{[%clk 1:21:08]} 11. e4 {[%clk 0:56:57]} Bxc4 {[%clk 1:05:00]} 12. Qxc4
{[%clk 0:57:23]} Nxe4 {[%clk 0:43:29]} 13. fxe4 {[%clk 0:57:48]} Qxh4
{[%clk 0:43:47]} 14. g3 {[%clk 0:57:20]} Qd8 {[%clk 0:41:21]} 15. Be3
{[%clk 0:57:31]} b5 {[%clk 0:38:47]} 16. Qe2 {[%clk 0:57:27]} Rd7
{[%clk 0:32:42]} 17. d5 {[%clk 0:39:11]} e5 {[%clk 0:28:40]} 18. a4
{[%clk 0:29:44]} b4 {[%clk 0:19:43]} 19. dxc6 {[%clk 0:29:18]} Nxc6
{[%clk 0:19:56]} 20. Nd5 {[%clk 0:29:44]} a5 {[%clk 0:12:28]} 21. Qb5
{[%clk 0:26:30]} Rd6 {[%clk 0:00:58]} 22. Rac1 {[%clk 0:24:21]} Qd7
{[%clk 0:00:48]} 23. Nb6 {[%clk 0:22:27]} Qb7 {[%clk 0:00:40]} 24. Rc5
{[%clk 0:14:30]} Kd8 {[%clk 0:00:34]} 25. Rfc1 {[%clk 0:13:06]} Na7
{[%clk 0:00:34]} 26. Qxa5 {[%clk 0:09:46]} Rxb6 {[%clk 0:00:36]} 27. Rd5+
{[%clk 0:10:08]} 1-0

[Event "WCO 2016"]
[Site "?"]
[Date "2016.09.11"]
[Round "9"]
[Board "4"]
[WhiteID "13203088"]
[White "Kwon Sehyun"]
[BlackID "6100406"]
[Black "Bravo William"]
[Result "0-1"]
[BlackElo "2194"]
[WhiteElo "2111"]
[LiveChessVersion "1.4.8"]

1. e4 {[%clk 1:30:48]} e5 {[%clk 1:30:53]} 2. Nf3 {[%clk 1:31:08]} Nc6
{[%clk 1:31:20]} 3. Bb5 {[%clk 1:31:28]} a6 {[%clk 1:31:43]} 4. Ba4
{[%clk 1:31:51]} Nf6 {[%clk 1:32:03]} 5. d3 {[%clk 1:32:17]} d6 {[%clk 1:31:58]}
6. c3 {[%clk 1:32:36]} g6 {[%clk 1:32:04]} 7. O-O {[%clk 1:32:43]} Bg7
{[%clk 1:32:13]} 8. Re1 {[%clk 1:32:52]} O-O {[%clk 1:32:32]} 9. Nbd2
{[%clk 1:33:07]} b5 {[%clk 1:32:34]} 10. Bb3 {[%clk 1:27:42]} Na5
{[%clk 1:29:30]} 11. Bc2 {[%clk 1:27:14]} c5 {[%clk 1:29:20]} 12. Nf1
{[%clk 1:26:43]} Re8 {[%clk 1:24:49]} 13. Bg5 {[%clk 1:23:46]} Bb7
{[%clk 1:24:32]} 14. Ne3 {[%clk 1:21:32]} h6 {[%clk 1:00:48]} 15. Bh4
{[%clk 1:21:07]} Nc6 {[%clk 1:00:31]} 16. Qd2 {[%clk 1:16:54]} Bc8
{[%clk 0:37:41]} 17. Bb3 {[%clk 1:05:49]} Ne7 {[%clk 0:35:06]} 18. a4
{[%clk 1:01:40]} Rb8 {[%clk 0:27:04]} 19. axb5 {[%clk 0:52:10]} axb5
{[%clk 0:26:13]} 20. Ra7 {[%clk 0:51:02]} g5 {[%clk 0:26:06]} 21. Bg3
{[%clk 0:49:50]} Bb7 {[%clk 0:18:51]} 22. Bc2 {[%clk 0:42:15]} c4
{[%clk 0:16:52]} 23. dxc4 {[%clk 0:28:08]} Nxe4 {[%clk 0:15:29]} 24. Bxe4
{[%clk 0:27:25]} Bxe4 {[%clk 0:14:53]} 25. h4 {[%clk 0:20:26]} Bxf3
{[%clk 0:12:08]} 26. gxf3 {[%clk 0:20:38]} f5 {[%clk 0:12:30]} 27. Nd5
{[%clk 0:19:30]} Nc6 {[%clk 0:12:50]} 28. Rc7 {[%clk 0:18:23]} Na5
{[%clk 0:09:49]} 29. Qc2 {[%clk 0:09:29]} e4 {[%clk 0:06:07]} 30. fxe4
{[%clk 0:09:19]} f4 {[%clk 0:06:05]} 31. e5 {[%clk 0:08:56]} Rb7 {[%clk 0:03:19]}
32. Qg6 {[%clk 0:05:42]} Rxc7 {[%clk 0:03:17]} 33. Nxc7 {[%clk 0:02:00]} Rxe5
{[%clk 0:02:55]} 34. Rxe5 {[%clk 0:02:14]} dxe5 {[%clk 0:03:19]} 35. Qxg7+
{[%clk 0:01:07]} Kxg7 {[%clk 0:03:33]} 36. Ne6+ {[%clk 0:01:36]} Kf6
{[%clk 0:03:15]} 37. Nxd8 {[%clk 0:02:04]} Ke7 {[%clk 0:03:26]} 38. hxg5
{[%clk 0:01:07]} hxg5 {[%clk 0:03:50]} 39. cxb5 {[%clk 0:00:36]} Kxd8
{[%clk 0:04:16]} 40. b4 {[%clk 0:30:31]} Nc4 {[%clk 0:34:24]} 41. Kg2
{[%clk 0:16:03]} fxg3 {[%clk 0:21:58]} 42. Kxg3 {[%clk 0:15:52]} Ke7
{[%clk 0:22:07]} 43. Kf3 {[%clk 0:10:48]} Ke6 {[%clk 0:18:27]} 44. Kg4
{[%clk 0:08:56]} Kf6 {[%clk 0:18:17]} 45. Kg3 {[%clk 0:08:36]} Kf5
{[%clk 0:16:31]} 46. f3 {[%clk 0:07:49]} Nb6 {[%clk 0:16:53]} 0-1